[Event "EU-ch 20th"]
[Site "Skopje"]
[Date "2019.03.26"]
[Round "8"]
[White "Maloberti, David"]
[Black "Radovanovic, Dusan"]
[Result "1/2-1/2"]
[WhiteElo "2113"]
[BlackElo "2331"]
[PlyCount "112"]
[EventDate "2019.03.18"]
[EventType "swiss"]
[EventRounds "11"]
[EventCountry "MKD"]
[SourceTitle "CBM 189"]
[Source "ChessBase"]
[SourceDate "2019.04.29"]
[SourceVersion "1"]
[SourceVersionDate "2019.04.29"]
[SourceQuality "1"]

1. d4 Nf6 2. c4 g6 3. Nc3 Bg7 4. e4 d6 5. Nf3 0-0 6. Be2 e5 7. 0-0 Nc6 8. d5 Ne7 9. Ne1 Nd7 10. Be3 f5 11. f3 f4 12. Bf2 g5 13. Rc1 Ng6 14. a4 Nf6 15. c5 Rf7 16. a5 Bf8 17. Nd3 h5 18. b4 g4 19. cxd6 cxd6 20. Nb5 g3 21. hxg3 fxg3 22. Bxg3 h4 23. Bf2 Nh5 24. Nxa7 Bd7 25. Be3 Ng3 26. Nf2 Rxa7 27. Bxa7 Nf4 28. Bc4 Qg5 29. Ng4 Bxg4 30. fxg4 h3 31. gxh3 Qh4 32. Rxf4 Rxf4 33. Kg2 Nxe4 34. Qe1 Qf6 35. Qe2 Qh4 36. Qe1 Qf6 37. Be2 Ng5 38. Rc4 Nf3 39. Qg3 Nh4+ 40. Kg1 Rxc4 41. Bxc4 e4 42. Be2 Bg7 43. g5 Qa1+ 44. Kf2 Nf5 45. Qf4 Bd4+ 46. Bxd4 Qxd4+ 47. Kg2 Ne3+ 48. Kg3 Nxd5 49. Qc1 Qe5+ 50. Kh4 Ne7 51. b5 e3 52. Qf1 Ng6+ 53. Kg4 Qe4+ 54. Kg3 Qe5+ 55. Kg4 Qe4+ 56. Kg3 Qe5+ 1/2-1/2

[Event "EU-ch 20th"]
[Site "Skopje"]
[Date "2019.03.21"]
[Round "4"]
[White "Maloberti, David"]
[Black "Pogosyan, Stefan"]
[Result "1/2-1/2"]
[WhiteElo "2113"]
[BlackElo "2347"]
[PlyCount "62"]
[EventDate "2019.03.18"]
[EventType "swiss"]
[EventRounds "11"]
[EventCountry "MKD"]
[SourceTitle "CBM 189"]
[Source "ChessBase"]
[SourceDate "2019.04.29"]
[SourceVersion "1"]
[SourceVersionDate "2019.04.29"]
[SourceQuality "1"]

1. d4 Nf6 2. c4 b6 3. Nf3 e6 4. a3 Bb7 5. Bg5 d5 6. cxd5 exd5 7. e3 Bd6 8. Nc3 a6 9. Bd3 Nbd7 10. Qc2 c5 11. 0-0 Qc7 12. Bh4 0-0 13. Bg3 Rfe8 14. dxc5 bxc5 15. Rfd1 Rab8 16. Rac1 Bxg3 17. hxg3 Bc6 18. b4 c4 19. Be2 Nb6 20. Rd4 Nc8 21. Nh4 Nd6 22. Bf3 Nb5 23. Nxb5 axb5 24. g4 Qe5 25. Nf5 g6 26. Ng3 Ra8 27. Qc3 Ra7 28. Rcd1 Qg5 29. Rf4 Nd7 30. Rfd4 Qe5 31. Ne2 Nb6 1/2-1/2

[Event "EU-ch 20th"]
[Site "Skopje"]
[Date "2019.03.18"]
[Round "1"]
[White "Neverov, Valeriy"]
[Black "Maloberti, David"]
[Result "1-0"]
[WhiteElo "2496"]
[BlackElo "2113"]
[PlyCount "73"]
[EventDate "2019.03.18"]
[EventType "swiss"]
[EventRounds "11"]
[EventCountry "MKD"]
[SourceTitle "CBM 189"]
[Source "ChessBase"]
[SourceDate "2019.04.29"]
[SourceVersion "1"]
[SourceVersionDate "2019.04.29"]
[SourceQuality "1"]

1. Nf3 Nf6 2. c4 g6 3. g3 Bg7 4. Bg2 0-0 5. 0-0 d6 6. d4 Nc6 7. Nc3 e5 8. d5 Ne7 9. e4 Bg4 10. h3 Bxf3 11. Qxf3 Nd7 12. Rb1 f5 13. b4 fxe4 14. Qxe4 Nf5 15. Qd3 Nd4 16. Ne4 Nf6 17. Ng5 Qd7 18. Bb2 h6 19. Bxd4 hxg5 20. Be3 g4 21. Qxg6 gxh3 22. Bf3 Rae8 23. b5 e4 24. Be2 c6 25. bxc6 bxc6 26. dxc6 Qxc6 27. Rb5 Re5 28. Rxe5 dxe5 29. Rb1 Qc7 30. Kh2 Rb8 31. Rxb8+ Qxb8 32. Kxh3 Qc7 33. g4 Qa5 34. g5 Nh7 35. Bg4 Nf8 36. Be6+ Nxe6 37. Qxe6+ 1-0

[Event "Lisbon Portugal op"]
[Site "Lisbon"]
[Date "2019.02.08"]
[Round "8"]
[White "Sande Edreira, Jose Antonio"]
[Black "Maloberti, David"]
[Result "1-0"]
[WhiteElo "2244"]
[BlackElo "2121"]
[PlyCount "85"]
[EventDate "2019.02.02"]
[EventType "swiss"]
[EventRounds "9"]
[EventCountry "POR"]
[SourceTitle "CBM 188 Extra"]
[Source "ChessBase"]
[SourceDate "2019.02.26"]
[SourceVersion "1"]
[SourceVersionDate "2019.02.26"]
[SourceQuality "1"]

1. c4 Nf6 2. g3 g6 3. Bg2 Bg7 4. Nc3 d6 5. e4 0-0 6. Nge2 e5 7. 0-0 Be6 8. d3 Qd7 9. f4 Bh3 10. f5 Bxg2 11. Kxg2 Nc6 12. Bg5 Nd4 13. Bxf6 Bxf6 14. Nd5 Bd8 15. Nxd4 exd4 16. Qd2 c6 17. Nf4 Bf6 18. Rf3 Qe7 19. Raf1 Rae8 20. h4 Bg7 21. Nh5 f6 22. Nxg7 Kxg7 23. g4 Qe5 24. g5 fxg5 25. Qxg5 Rf6 26. Rg3 d5 27. cxd5 cxd5 28. Rf4 Rc8 29. Rfg4 Rc2+ 30. Kh3 dxe4 31. dxe4 Rxb2 32. h5 Re2 33. hxg6 hxg6 34. Rh4 Rxe4 35. Qh6+ Kf7 36. Qh7+ Ke8 37. Qg8+ Rf8 38. Qxg6+ Kd8 39. Rxe4 Qxe4 40. Qd6+ Ke8 41. Qb8+ Kf7 42. Qc7+ Kf6 43. Qg7+ 1-0

[Event "Lisbon Portugal op"]
[Site "Lisbon"]
[Date "2019.02.07"]
[Round "7"]
[White "Maloberti, David"]
[Black "Hernandez Munoz, Antonio Ramon"]
[Result "1-0"]
[WhiteElo "2121"]
[BlackElo "2249"]
[PlyCount "95"]
[EventDate "2019.02.02"]
[EventType "swiss"]
[EventRounds "9"]
[EventCountry "POR"]
[SourceTitle "CBM 188 Extra"]
[Source "ChessBase"]
[SourceDate "2019.02.26"]
[SourceVersion "1"]
[SourceVersionDate "2019.02.26"]
[SourceQuality "1"]

1. d4 d5 2. c4 c6 3. Nf3 Nf6 4. Nc3 e6 5. Bg5 dxc4 6. e4 b5 7. e5 h6 8. Bh4 g5 9. Nxg5 hxg5 10. Bxg5 Nbd7 11. exf6 Bb7 12. g3 Qb6 13. Bg2 0-0-0 14. 0-0 Ne5 15. a4 b4 16. a5 Qa6 17. Qe2 Nd3 18. Ne4 Rxd4 19. Be3 Rd7 20. h4 c5 21. Rfd1 Bc6 22. Rd2 Qb7 23. a6 Qa8 24. f3 Qb8 25. f4 Qa8 26. Ng5 Bd6 27. Rc2 Bxg2 28. Qxg2 Qxg2+ 29. Kxg2 e5 30. f5 e4 31. Nxe4 Re8 32. Rxc4 Nxb2 33. Nxd6+ Rxd6 34. Rxc5+ Kd7 35. Bf4 Rc6 36. Rac1 Re2+ 37. Kf3 Rf2+ 38. Ke3 Rxc5 39. Rxc5 Nd1+ 40. Kd3 b3 41. Rc7+ Kd8 42. Rxa7 Ra2 43. Rb7 b2 44. Kc2 Ra1 45. a7 Nc3 46. Kxb2 Kc8 47. Rb8+ Kd7 48. Kxa1 1-0

[Event "Lisbon Portugal op"]
[Site "Lisbon"]
[Date "2019.02.04"]
[Round "4"]
[White "Plichta, Kamil"]
[Black "Maloberti, David"]
[Result "1-0"]
[WhiteElo "2347"]
[BlackElo "2121"]
[PlyCount "175"]
[EventDate "2019.02.02"]
[EventType "swiss"]
[EventRounds "9"]
[EventCountry "POR"]
[SourceTitle "CBM 188 Extra"]
[Source "ChessBase"]
[SourceDate "2019.02.26"]
[SourceVersion "1"]
[SourceVersionDate "2019.02.26"]
[SourceQuality "1"]

1. d4 Nf6 2. c4 g6 3. Nc3 Bg7 4. e4 d6 5. Nf3 0-0 6. Be2 e5 7. d5 a5 8. Bg5 h6 9. Bh4 g5 10. Bg3 Nh5 11. Nd2 Nf4 12. 0-0 Na6 13. a3 Bd7 14. b3 c6 15. f3 h5 16. Bf2 c5 17. Rb1 Bh6 18. Re1 Qf6 19. Nf1 Kh8 20. Ne3 Rg8 21. Kh1 Rg7 22. g4 Nh3 23. Bg1 hxg4 24. fxg4 Rh7 25. Rb2 Nf2+ 26. Bxf2 Qxf2 27. Qd2 Bg7 28. Nf1 Rh3 29. Rc2 Kh7 30. Bd1 Qd4 31. Re3 Rxe3 32. Qxe3 Qxe3 33. Nxe3 Nc7 34. Be2 Rb8 35. Rb2 Ra8 36. Kg2 Na6 37. Nf5 Bf8 38. Na4 Bxf5 39. gxf5 Kg7 40. Nc3 Be7 41. Nd1 Rh8 42. Ne3 f6 43. Kg3 Bf8 44. Nd1 Rh4 45. Bg4 Be7 46. Ne3 Rh8 47. Nc2 Rc8 48. Bh5 Kh6 49. Bf7 Kg7 50. Be6 Rh8 51. Ne3 Rh4 52. Ng4 Rh8 53. Bd7 Rd8 54. Bb5 Rb8 55. Ne3 Kf7 56. h3 Bf8 57. Rb1 Bh6 58. Ng4 Kg7 59. Nf2 Kf7 60. Nd3 Ra8 61. Bd7 Ke7 62. Bb5 Nc7 63. Kg4 Bg7 64. Ne1 Rh8 65. Nf3 Ra8 66. Ba4 Na6 67. h4 gxh4 68. Nxh4 Nc7 69. Ng6+ Kf7 70. Bd7 Bh6 71. Kf3 Kg7 72. Ke2 Rd8 73. Bb5 Ra8 74. Kd3 Ra7 75. Rg1 Bg5 76. Rh1 Bh6 77. Nf8 Kxf8 78. Rxh6 Kg7 79. Rg6+ Kf7 80. Bd7 Ra8 81. Be6+ Ke7 82. Rg7+ Kd8 83. Rd7+ Kc8 84. Rxd6+ Kb8 85. Rd7 b5 86. d6 bxc4+ 87. Kxc4 Na6 88. Rd8+ 1-0

[Event "Basel op"]
[Site "Basel"]
[Date "2019.01.06"]
[Round "7"]
[White "Maloberti, David"]
[Black "Haenggi, Markus"]
[Result "1-0"]
[WhiteElo "2112"]
[BlackElo "2064"]
[PlyCount "79"]
[EventDate "2019.01.02"]
[EventType "swiss"]
[EventRounds "7"]
[EventCountry "SUI"]
[SourceTitle "CBM 188 Extra"]
[Source "ChessBase"]
[SourceDate "2019.02.26"]
[SourceVersion "1"]
[SourceVersionDate "2019.02.26"]
[SourceQuality "1"]

1. d4 d5 2. c4 dxc4 3. Nf3 c6 4. e3 b5 5. a4 e6 6. b3 Bb4+ 7. Bd2 Bxd2+ 8. Qxd2 a5 9. bxc4 b4 10. e4 Ne7 11. Bd3 0-0 12. 0-0 Ng6 13. e5 f5 14. exf6 gxf6 15. Bxg6 hxg6 16. Qh6 Rf7 17. Qxg6+ Rg7 18. Qe4 e5 19. Rd1 Rg4 20. Qe3 Ra7 21. Re1 e4 22. Nfd2 f5 23. f3 Rgg7 24. fxe4 f4 25. Qd3 Bg4 26. Ra2 Nd7 27. e5 Nc5 28. Qf1 Qxd4+ 29. Kh1 Nd3 30. Nb3 Qxc4 31. N1d2 Qd5 32. Re4 c5 33. Rc2 Bf5 34. Rec4 Rad7 35. Nxc5 Nxc5 36. Rxc5 Qb7 37. Rb2 Bh3 38. Nf3 Qxf3 39. Qxf3 Bxg2+ 40. Rxg2 1-0